|
|
|
|
| LEADER |
00624nab a2200193 i 4500 |
| 001 |
publ18003 |
| 005 |
20200124115705.0 |
| 008 |
200124s2019 hu o 0|| zxx d |
| 022 |
|
|
|a 1589-7311
|
| 024 |
7 |
|
|a 10.33616/lam.29.048
|2 doi
|
| 024 |
7 |
|
|a 30938028
|2 mtmt
|
| 040 |
|
|
|a SZTE Publicatio Repozitórium
|b hun
|
| 041 |
|
|
|a zxx
|
| 100 |
1 |
|
|a Légrády Péter
|
| 245 |
1 |
0 |
|a Hipertenzív, nem diabeteses nephropathia
|h [elektronikus dokumentum] /
|c Légrády Péter
|
| 260 |
|
|
|c 2019
|
| 300 |
|
|
|a 521-525
|
| 490 |
0 |
|
|a METABOLIZMUS
|v 29 No. 11
|
| 856 |
4 |
0 |
|u http://publicatio.bibl.u-szeged.hu/18003/1/LAMcikk-Legrady.pdf
|z Dokumentum-elérés
|